000 005130000a22001930004500
001 002710
003 MACL
005 20151004145717.0
008 151004b xxu||||| |||| 00| 0 eng d
040 _aMACL
_cMACL
041 _aEnglish
082 _a910/ALI
100 _aAli, Syed Mujtaba
_913687
245 _aKabul With Preamble
_b1927-1929 A Saga In Prose
_cSyed Mujtaba Ali
260 _aKolkata
_c2005
_bDanga Prokashika,
350 _a200
650 _aGeography And Travels
_913688
942 _k910
_cBK
_2ddc
999 _c14619
_d14619